| 000 | 00446nam a2200157Ia 4500 | ||
|---|---|---|---|
| 008 | 230312s9999||||xx |||||||||||||| ||und|| | ||
| 020 | _a0-333-96299-0 | ||
| 082 |
_a658.4038 _bNEW |
||
| 100 | _aSue Nowell, Maxine Robertson | ||
| 245 | 0 | _aManaging Knowledge Work | |
| 260 |
_bPalgrave Macmillan _aNew York _c2002 |
||
| 300 | _a207 | ||
| 546 | _aEng. | ||
| 650 |
_aManagement _vIntroduction, Knowledge Intensive Organization |
||
| 942 | _cBK | ||
| 999 |
_c501 _d501 |
||